Statistics for Which City is Closer to...

Click here to take the quiz!

General Stats

  • This quiz has been taken 64 times
  • The average score is 8 of 15

Answer Stats

QuestionAnswer% Correct
New York City, USAToronto, Canada
74%
London, UKAmsterdam, Netherlands
72%
Baku, AzerbaijanTehran, Iran
70%
Karachi, PakistanLahore, Pakistan
66%
Nairobi, KenyaKampala, Uganda
64%
Kinshasa, D.R. CongoLagos, Nigeria
64%
Beijing, ChinaSeoul, South Korea
64%
Cairo, EgyptIstanbul, Turkey
60%
Madrid, SpainParis, France
53%
Ho Chi Minh City, VietnamYangon, Myanmar
47%
Moscow, RussiaSt. Petersburg, Russia
45%
Atlanta, USAWashington, USA
45%
Buenos Aires, ArgentinaSantiago, Chile
43%
Bangkok, ThailandChennai, India
34%
Dhaka, BangladeshChittagong, Bangladesh
34%

Score Distribution

Percentile by Number Answered

Percent of People with Each Score

Your Score History

You have not taken this quiz